[Event "Sautron op 16th"]
[Site "Sautron"]
[Date "2016.10.22"]
[Round "1.21"]
[White "Hutois, Mickael"]
[Black "Jacq, Rene"]
[Result "1-0"]
[WhiteElo "2242"]
[BlackElo "1911"]
[PlyCount "101"]
[EventDate "2016.10.22"]
[EventType "swiss"]
[EventRounds "9"]
[EventCountry "FRA"]
[SourceTitle "EXT 2019"]
[Source "ChessBase"]
[SourceDate "2018.10.10"]
[SourceVersion "1"]
[SourceVersionDate "2018.10.10"]
[SourceQuality "1"]

1. e4 c6 2. Nf3 d5 3. exd5 cxd5 4. Ne5 Nf6 5. d4 Nc6 6. Nxc6 bxc6 7. Nd2 Bf5 8. Nb3 e6 9. Bd3 Bg6 10. 0-0 Bd6 11. h3 Bxd3 12. Qxd3 h6 13. c4 0-0 14. Be3 Re8 15. Rac1 Rc8 16. Rc2 Qd7 17. Rfc1 Ne4 18. f3 Ng3 19. Bf2 Nh5 20. cxd5 cxd5 21. Qa6 Rcd8 22. Nc5 Qe7 23. Nb7 Rd7 24. Nxd6 Rxd6 25. Qa4 Rd7 26. Be1 Rb7 27. Bd2 Qd7 28. Qxd7 Rxd7 29. Rc7 Ree7 30. Rc8+ Kh7 31. Bb4 Nf4 32. R1c2 e5 33. Bxe7 Rxe7 34. R8c7 Rxc7 35. Rxc7 exd4 36. Kf1 Kg6 37. g3 Nxh3 38. Rd7 Ng5 39. Kf2 Kf6 40. Rxd5 Ne6 41. Ra5 g5 42. g4 Nf4 43. Rxa7 Nd3+ 44. Ke2 Nxb2 45. a4 Ke5 46. a5 f5 47. a6 fxg4 48. fxg4 d3+ 49. Kd2 Kf4 50. Rc7 Na4 51. Rc4+ 1-0

[Event "Small Paris-ch"]
[Site "Paris"]
[Date "2014.??.??"]
[Round "7"]
[White "Jacq, Rene"]
[Black "Theodore, Simon"]
[Result "1-0"]
[WhiteElo "1850"]
[BlackElo "1840"]
[PlyCount "77"]
[EventDate "2014.07.??"]
[EventType "swiss"]
[EventRounds "7"]
[EventCountry "FRA"]
[SourceTitle "EXT 2015"]
[Source "ChessBase"]
[SourceDate "2014.11.20"]
[SourceVersion "1"]
[SourceVersionDate "2014.11.20"]
[SourceQuality "1"]

1. d4 d5 2. Nf3 Nf6 3. c3 e6 4. Bg5 Be7 5. e3 0-0 6. Bd3 Nbd7 7. Nbd2 c5 8. 0-0 b6 9. Rc1 Bb7 10. Re1 Ne4 11. Bf4 f6 12. h3 e5 13. dxe5 fxe5 14. Bxe4 dxe4 15. Nxe5 Nxe5 16. Bxe5 Rf5 17. Bg3 h5 18. Qc2 h4 19. Bh2 Bg5 20. Nxe4 Qd5 21. f3 Qc6 22. Nd6 Rxf3 23. gxf3 Qxf3 24. e4 Be3+ 25. Rxe3 Qxe3+ 26. Kh1 Rd8 27. Bg1 Qxh3+ 28. Qh2 Qf3+ 29. Qg2 Qf4 30. Nxb7 Rd3 31. Rf1 Qc7 32. e5 Qxe5 33. Bh2 Qe7 34. Qc6 Qe2 35. Qc8+ Kh7 36. Qf5+ Kg8 37. Qf7+ Kh7 38. Qf2 Qe4+ 39. Qg2 1-0

[Event "Paris-ch op-C 87th"]
[Site "Paris"]
[Date "2012.07.11"]
[Round "5"]
[White "Vuddamalay, Milan"]
[Black "Jacq, Rene"]
[Result "1/2-1/2"]
[WhiteElo "1857"]
[BlackElo "1818"]
[PlyCount "80"]
[EventDate "2012.07.07"]
[EventType "swiss"]
[EventRounds "9"]
[EventCountry "FRA"]
[SourceTitle "EXT 2014"]
[Source "ChessBase"]
[SourceDate "2013.11.20"]
[SourceVersion "1"]
[SourceVersionDate "2013.11.20"]
[SourceQuality "1"]

1. d4 d5 2. c4 c6 3. Nc3 Nf6 4. cxd5 cxd5 5. Nf3 e6 6. Bf4 Bd6 7. Bxd6 Qxd6 8. e3 0-0 9. Be2 Nc6 10. 0-0 Bd7 11. Rc1 Rac8 12. a3 Rfe8 13. b4 a5 14. b5 Ne7 15. Qa4 b6 16. Rc2 Ne4 17. Rfc1 Nxc3 18. Rxc3 Rxc3 19. Rxc3 Rc8 20. Qb3 f6 21. Rxc8+ Bxc8 22. Qc3 Bb7 23. h3 Qd8 24. Kf1 Qc8 25. Qxc8+ Nxc8 26. Bd3 g6 27. Ke2 Kf7 28. g4 h6 29. h4 g5 30. hxg5 hxg5 31. Kd2 Nd6 32. Kc3 Bc8 33. Nd2 Bd7 34. a4 Ke7 35. e4 dxe4 36. Bxe4 Be8 37. f3 Bd7 38. Bd3 Bc8 39. Be4 Bd7 40. Ba8 Be8 1/2-1/2

[Event "Paris-ch op-B"]
[Site "Paris"]
[Date "2009.07.06"]
[Round "3"]
[White "Van Mulder, Eric"]
[Black "Jacq, Rene"]
[Result "1/2-1/2"]
[WhiteElo "1899"]
[BlackElo "1763"]
[PlyCount "100"]
[EventDate "2009.07.04"]
[EventType "swiss"]
[EventRounds "9"]
[EventCountry "FRA"]
[SourceTitle "EXT 2010"]
[Source "ChessBase"]
[SourceDate "2010.11.25"]
[SourceVersion "1"]
[SourceVersionDate "2010.11.25"]
[SourceQuality "1"]

1. d4 d5 2. Nf3 c5 3. dxc5 Nc6 4. c3 a5 5. Na3 e5 6. Nb5 Bxc5 7. Qxd5 Qxd5 8. Nc7+ Kf8 9. Nxd5 Be6 10. Nc7 Rd8 11. Nxe6+ fxe6 12. Bg5 Nf6 13. e3 Rd6 14. Bb5 Nd7 15. Rd1 Rxd1+ 16. Kxd1 Be7 17. Kc2 Bf6 18. Rd1 Ke7 19. Bxf6+ gxf6 20. Nd2 Nb6 21. Bxc6 bxc6 22. Nb3 a4 23. Nc5 f5 24. b3 axb3+ 25. axb3 Ra8 26. Rb1 Kd6 27. b4 Ra2+ 28. Rb2 Rxb2+ 29. Kxb2 f4 30. Kb3 fxe3 31. fxe3 Nd5 32. Ne4+ Ke7 33. g4 Nxe3 34. h3 h6 35. c4 Kd7 36. b5 cxb5 37. cxb5 Kc7 38. Kc3 Nd5+ 39. Kd2 Kb6 40. Nd6 Nf6 41. Nf7 Ng8 42. Ke3 Kxb5 43. Ke4 Kc6 44. Kxe5 Kd7 45. h4 Ke7 46. Nd6 Nf6 47. Nc8+ Kf7 48. g5 hxg5 49. hxg5 Nh7 50. Nd6+ Kg6 1/2-1/2